Sustainability as a Megatrend / (Record no. 3444)
[ view plain ]
| 000 -LEADER | |
|---|---|
| fixed length control field | 00838nam a2200205 a 4500 |
| 005 - DATE AND TIME OF LATEST TRANSACTION | |
| control field | 20260112063304.0 |
| 039 ## - LEVEL OF BIBLIOGRAPHIC CONTROL AND CODING DETAIL [OBSOLETE] | |
| Level of rules in bibliographic description | 201105110346 |
| Level of effort used to assign nonsubject heading access points | staff |
| Level of effort used to assign subject headings | 201105110222 |
| Level of effort used to assign classification | staff |
| -- | 201105110152 |
| -- | staff |
| 082 ## - DEWEY DECIMAL CLASSIFICATION NUMBER | |
| Classification number | 658 |
| 100 ## - MAIN ENTRY--PERSONAL NAME | |
| Personal name | Das, Sourjyo (2009PGP052) |
| 245 ## - TITLE STATEMENT | |
| Title | Sustainability as a Megatrend / |
| Statement of responsibility, etc. | Sourjyo Das, Varshik Nimmagadda |
| 260 ## - PUBLICATION, DISTRIBUTION, ETC. | |
| Place of publication, distribution, etc. | Shillong: |
| Name of publisher, distributor, etc. | Rajiv Gandhi Indian Institute of Management, |
| Date of publication, distribution, etc. | 2010. |
| 300 ## - PHYSICAL DESCRIPTION | |
| Extent | 46p.: |
| Other physical details | ill.figure, tables; |
| Dimensions | 29cm. |
| 490 ## - SERIES STATEMENT | |
| Series statement | Dissertation submitted in partial fulfillment of the requirements for the award of the post Graduate Diploma in Management (2009-2011) |
| 650 ## - SUBJECT ADDED ENTRY--TOPICAL TERM | |
| Topical term or geographic name entry element | Sustainable Management |
| 650 ## - SUBJECT ADDED ENTRY--TOPICAL TERM | |
| Topical term or geographic name entry element | Economic Forcasting |
| 700 ## - ADDED ENTRY--PERSONAL NAME | |
| Personal name | Nimmagadda, Varshik (2009PGP065) |
| 991 ## - | |
| -- | VIRTUA40 |
| 991 ## - | |
| -- | VTLSSORT0080*0820*1000*2450*2600*3000*4900*6500*6501*7000*9992 |
| 909 ## - | |
| -- | 3891 |
| Withdrawn status | Lost status | Damaged status | Not for loan | Home library | Current library | Date acquired | Total checkouts | Full call number | Barcode | Copy number | Koha item type |
|---|---|---|---|---|---|---|---|---|---|---|---|
| Indian Institute Of Management, Shillong | Indian Institute Of Management, Shillong | 19/05/2011 | 658 | 0009916 | Reports |